000 00427nam a22001817a 4500
003 MPLRDC
005 20220104142412.0
008 210129b ||||| |||| 00| 0 eng d
020 _a962-7278-89-0
082 _a293.25 SSG-2
100 _a宋韶光
245 _a猪年运程
_c
250 _a初版
260 _a
_b宋韶光文化企业
_c2006
300 _b
650 _a相书--生肖
942 _cBK
_o293.25 SSG-2
999 _c30611
_d30601